000 00342nam a2200133Ia 4500
005 20251222154428.0
008 251222s9999||||xx |||||||||||||| ||spa||
020 _a978-607-32-0983-0
082 _a658.15/G49/2012
100 _a"Gitman, Lawrence J."
245 0 _aPrincipios de administración financiera
250 _a12a.ed.
942 _cLIB
999 _c36299
_d36299